Famille - Ben Mazué - Paroles - Statistiques

Statistiques générales
  • Ce quiz a été pris 12 fois
  • Le résultat moyen est 232 sur 323
Statistiques - réponses
Réponse % Correct
à
100%
ce
100%
Ce
100%
de
100%
De
100%
des
100%
Des
100%
du
100%
et
100%
Et
100%
fait,
100%
fait
100%
j'ai
100%
je
100%
Je
100%
le
100%
Les
100%
les
100%
me
100%
On
100%
on
100%
Pour
100%
pour
100%
qui
100%
te
100%
toi,
100%
toi
100%
tu
100%
Tu
100%
ça
88%
c'est
88%
C'est
88%
Comme
88%
comme
88%
(Comme
88%
fais
88%
Famille,
88%
famille,
88%
grands
88%
jour
88%
88%
la
88%
moi
88%
moi)
88%
monde
88%
pas
88%
que
88%
s'en
88%
si
88%
suis
88%
t'ai
88%
t'aime
88%
tant
88%
changé
75%
dans
75%
Dans
75%
enfin,
75%
est
75%
Mais
75%
mais
75%
Mais,
75%
Même
75%
mêmes
75%
mes
75%
ne
75%
nœuds
75%
75%
(Où
75%
passe,
75%
plus
75%
Puis
75%
resté
75%
reste
75%
Sans
75%
sentiments
75%
souvenirs
75%
sur
75%
temps,
75%
temps
75%
tes
75%
t'es
75%
tous
75%
Tout
75%
un
75%
Une
75%
vrai
75%
ai
63%
alors
63%
chéris
63%
connais,
63%
j'en
63%
mal
63%
mal)
63%
nid
63%
nouveau
63%
parfois
63%
Parfois,
63%
Personne
63%
qu'on
63%
traumas
63%
bleus
50%
connaît
50%
creux
50%
Depuis
50%
encore
50%
évidents
50%
jamais
50%
l'amour
50%
loin
50%
pays
50%
piques
50%
quand
50%
quitte
50%
quittée
50%
qu'j'ai
50%
reviens
50%
revis
50%
rien
50%
secrets,
50%
souvienne
50%
t'as
50%
valser
50%
vois
50%
vrais,
50%
abîmée,
38%
Avec
38%
Blotti
38%
bras
38%
comprends
38%
d'enfance
38%
douceur
38%
efforts
38%
Entre
38%
euphories
38%
faits
38%
Font
38%
j'étais
38%
j'respire
38%
l'enfant
38%
m'inondent
38%
n'arrivera
38%
normal,
38%
Pourtant
38%
premier
38%
presque
38%
regrets
38%
revois
38%
table
38%
théories
38%
Toujours
38%
toujours
38%
toutes
38%
vers
38%
violence
38%
bonheur
25%
bonnes
25%
cartes
25%
certains
25%
choix
25%
comprendre
25%
défait
25%
douleurs
25%
événements
25%
grandit,
25%
juste
25%
pars,
25%
quelques
25%
qu'il
25%
qu'je
25%
silence
25%
souffrance
25%
souvent,
25%
vérité
25%
c'qu'il
13%
étourdissant
13%
J'n'ai
13%
j'te
13%
jure
13%
m'écartes
13%
rejoins
13%
Aucun quiz correspondant
Distribution des résultats
% des personnes avec chaque résultat
Percentile par nombre de réponses
Votre historique - résultats
Vous n’avez pas pris ce quiz